Statistics for Country and Capital Neighbour Connect with Jumps and Disappearing World Map: Closest to ⬤ #2

Click here to take the quiz!

General Stats

  • This quiz has been taken 208 times
  • The average score is 230 of 392

Answer Stats

Hint Hint Country/Capital % Correct
487.6125Baku
100%
487.6125Azerbaijan
96%
480.5125Armenia
95%
479120Tbilisi
90%
479120Georgia
88%
459157Israel
88%
462.3158.9Amman
88%
462.3158.9Jordan
88%
459157Jerusalem
88%
461.7146.8Lebanon
88%
467143Damascus
88%
460.3130.6Ankara
88%
461.7146.8Beirut
88%
460.3130.6Turkey
88%
478.8149.9Iraq
88%
478.8149.9Baghdad
88%
501.3152.5Iran
88%
513130.6Turkmenistan
88%
513130.6Ashgabat
88%
501.3152.5Tehran
88%
467143Syria
88%
480.5125Yerevan
88%
447171.3Cairo
87%
447.8272.6Bujumbura
86%
407247Cameroon
86%
433267.2Democratic Republic of the Congo
86%
459.1282.5Tanzania
86%
459.1282.5Dodoma
86%
447.8272.6Burundi
86%
447.8267.7Rwanda
86%
447.8267.7Kigali
86%
398230.8Abuja
86%
398230.8Nigeria
86%
366153.5Rabat
86%
403.3203.9Niamey
86%
385.7225Benin
86%
383232.4Togo
86%
385.7225Porto-Novo
86%
383232.4Lomé
86%
378.2234.5Ghana
86%
378.2234.5Accra
86%
368235.9Cote d'Ivoire
86%
377202.2Bamako
86%
354195.5Mauritania
86%
453.1256.6Kampala
86%
465.8259.9Nairobi
86%
453.1256.6Uganda
86%
476.4221.6Djibouti (cap)
86%
384.2167.2Algiers
86%
447171.3Egypt
86%
448.5209.5Khartoum
86%
466.3209.2Eritrea
86%
466.3209.2Asmara
86%
476.4221.6Djibouti
86%
470234.2Addis Ababa
86%
419.3172.9Libya
86%
419.3172.9Tripoli
86%
401148Tunis
86%
401148Tunisia
86%
448.5209.5Sudan
86%
384.2167.2Algeria
86%
427.6239Central African Republic
86%
465.8259.9Kenya
86%
403.3203.9Niger
86%
488230Somalia
86%
470234.2Ethiopia
86%
449.6239.5South Sudan
86%
488230Mogadishu
86%
422.6209.4N'Djamena
86%
422.6209.4Chad
86%
449.6239.5Juba
84%
377219Burkina Faso
84%
427.6239Bangui
84%
377219Ouagadougou
84%
372127.5Spain
84%
386105France
84%
377202.2Mali
84%
57752Moscow
82%
450.696Ukraine
82%
444.4102Chișinău
82%
444.4102Moldova
82%
450.696Kiev
82%
423.687.1Warsaw
81%
40489.9Berlin
81%
533100Kazakhstan
81%
525122.5Uzbekistan
81%
556185.9India
79%
556185.9New Delhi
79%
569.8166.5Nepal
79%
535.7164.2Pakistan
79%
615140.9Beijing
79%
584.1169.4Thimphu
79%
584.1169.4Bhutan
79%
535.7164.2Islamabad
79%
569.8166.5Kathmandu
79%
615140.9China
79%
533100Astana
79%
548122Bishkek
79%
545.2133.5Tajikistan
79%
528149.2Afghanistan
79%
528149.2Kabul
79%
545.2133.5Dushanbe
79%
525122.5Tashkent
79%
548122Kyrgyzstan
79%
495.7176.2Doha
78%
495.7176.2Qatar
78%
487162.9Kuwait City
78%
482.1179.9Riyadh
78%
487162.9Kuwait
78%
57752Russia
77%
488.3208.2Sana'a
77%
455.3143.7Cyprus
77%
455.3143.7Nicosia
77%
494.3174Manama
77%
494.3174Bahrain
77%
488.3208.2Yemen
77%
509.33187.2Muscat
77%
502182.5United Arab Emirates
77%
482.1179.9Saudi Arabia
77%
502182.5Abu Dhabi
77%
509.33187.2Oman
77%
401.757Norway
75%
43964.8Estonia
75%
43964.8Tallinn
75%
43752Helsinki
75%
414.360.5Stockholm
75%
414.360.5Sweden
75%
401.757Oslo
75%
423.7117.8Montenegro
75%
425.5124Albania
75%
425.5124Tirana
75%
423.7117.8Podgorica
75%
421113Sarajevo
75%
421113Bosnia and Herzegovina
75%
418108Croatia
75%
418108Zagreb
75%
413106.5Slovenia
75%
414.2100.9Vienna
75%
43870.6Latvia
75%
43870.6Riga
75%
43752Finland
75%
434.376.3Lithuania
75%
427.5118.5Pristina
75%
436.7107.1Bucharest
75%
437.8117.9Bulgaria
75%
436.7107.1Romania
75%
437.8117.9Sofia
75%
430129Athens
75%
434.376.3Vilnius
75%
429.5121.7Macedonia
75%
429.5121.7Skopje
75%
430129Greece
75%
427.6113Serbia
75%
42398Bratislava
75%
427.5118.5Kosovo
75%
443.481.2Belarus
75%
423.687.1Poland
75%
443.481.2Minsk
75%
424.4103.1Budapest
75%
42398Slovakia
75%
424.4103.1Hungary
75%
427.6113Belgrade
75%
41493.8Czech Republic
74%
414.2100.9Austria
74%
413106.5Ljubljana
74%
416.4124.2Rome
74%
408.5113.9San Marino
74%
408.5113.9San Marino (cap)
74%
416.4124.2Italy
74%
408.5120.7Vatican City (cap)
74%
408.5120.7Vatican City
74%
41493.8Prague
73%
40489.9Germany
71%
401.573.5Copenhagen
71%
401.573.5Denmark
71%
412.9141.1Malta
71%
412.9141.1Valletta
71%
402103.1Vaduz
70%
402103.1Liechtenstein
69%
398.4103.5Switzerland
69%
398.4103.5Bern
69%
386105Paris
69%
397.2114.5Monaco
69%
397.2114.5Monaco (cap)
69%
39191Brussels
68%
39386.9Amsterdam
68%
39191Belgium
68%
39386.9Netherlands
68%
394.394.2Luxembourg (cap)
68%
394.394.2Luxembourg
68%
614.2104.1Ulaanbaatar
65%
614.2104.1Mongolia
65%
616219.1Phnom Penh
65%
624.3219.9Vietnam
65%
616219.1Cambodia
65%
608207.9Bangkok
65%
597188.5Naypyidaw
65%
608207.9Thailand
65%
610.3194.9Laos
65%
624.3219.9Hanoi
65%
610.3194.9Vientiane
65%
372127.5Madrid
65%
597188.5Myanmar
65%
36382.5Ireland
65%
37786London
65%
37786United Kingdom
65%
36382.5Dublin
65%
583181.8Dhaka
65%
384118.7Andorra la Vella
65%
361.7127.6Portugal
65%
361.7127.6Lisbon
65%
583181.8Bangladesh
65%
384118.7Andorra
65%
545.9248.9Malé
64%
545.9248.9Maldives
64%
562235.3Sri Jayawardenepura Kotte
64%
562235.3Sri Lanka
62%
505.5277Seychelles
62%
505.5277Victoria
62%
368235.9Yamoussoukro
61%
347.7220.3Guinea-Bissau
61%
359.2239.6Monrovia
61%
354232.9Sierra Leone
61%
353.3224.2Conakry
61%
353.3224.2Guinea
61%
34143Reykjavík
61%
347212Senegal
61%
34143Iceland
61%
359.2239.6Liberia
61%
366153.5Morocco
61%
354195.5Nouakchott
61%
347212Dakar
60%
344216Gambia
60%
344216Banjul
60%
407247Yaoundé
60%
456307Lilongwe
58%
456307Malawi
58%
438310Zambia
58%
433267.2Kinshasa
58%
416.9260.5Brazzaville
58%
406.5264Libreville
58%
404255.8Equatorial Guinea
58%
406.5264Gabon
58%
416.9260.5Republic of the Congo
58%
404255.8Malabo
58%
467309.5Mozambique
57%
438310Lusaka
57%
420301.2Luanda
56%
420301.2Angola
56%
418328Namibia
56%
467309.5Maputo
55%
447325Zimbabwe
55%
447325Harare
55%
435336.1Botswana
55%
451.3350.1Mbabane
53%
451.3350.1Swaziland
53%
431365Pretoria
53%
435336.1Gaborone
53%
418328Windhoek
53%
431365South Africa
53%
444360.5Maseru
53%
444360.5Lesotho
53%
479.4301.4Moroni
52%
479.4301.4Comoros
49%
669139South Korea
47%
665.7127Pyongyang
47%
669139Seoul
47%
665.7127North Korea
47%
395.5260.6São Tomé
45%
395.5260.6São Tomé and Príncipe
45%
486324.3Antananarivo
45%
486324.3Madagascar
45%
510.1329.1Port Louis
44%
510.1329.1Mauritius
44%
354232.9Freetown
43%
652.9182.1Taiwan
43%
638.6246.1Bandar Seri Begawan
43%
652.9182.1Taipei
43%
610.3247.2Kuala Lumpur
43%
610.3247.2Malaysia
43%
638.6246.1Brunei
43%
693.3140Japan
42%
657220.6Philippines
42%
693.3140Tokyo
42%
657220.6Manila
42%
347.7220.3Bissau
42%
614.2256.7Singapore (cap)
42%
614.2256.7Singapore
42%
326.7206.9Cape Verde
40%
326.7206.9Praia
40%
635.5264Jakarta
40%
635.5264Indonesia
40%
664.3290.8Dili
40%
664.3290.8East Timor
40%
14366Ottawa
38%
180.4215El Salvador
36%
177.4210Guatemala City
36%
188.2218.1Nicaragua
36%
151182Mexico City
36%
680.5241.3Palau
36%
680.5241.3Ngerulmud
36%
184.5210.7Tegucigalpa
36%
153129United States
36%
184.5210.7Honduras
36%
153129Washington D.C.
36%
14366Canada
36%
177.4210Guatemala
36%
151182Mexico
36%
180.9203.6Belmopan
36%
180.9203.6Belize
36%
239.4203.4Basseterre
30%
246.5217Barbados
30%
239.4203.4Saint Kitts and Nevis
30%
241.4204Antigua and Barbuda
30%
241.4204Saint John's
30%
242.4209.5Dominica
30%
242.4209.5Roseau
29%
246.5217Bridgetown
29%
243.2214.6Castries
27%
243.2214.6Saint Lucia
27%
242.7216.8Saint Vincent and the Grenadines
27%
242.7216.8Kingstown
27%
703.7282.4Papua New Guinea
27%
703.7282.4Port Moresby
27%
232235Caracas
22%
232235Venezuela
22%
254.4248.1Suriname
22%
248242Guyana
22%
254.4248.1Paramaribo
22%
248242Georgetown
22%
192228Costa Rica
21%
717.7235.2Federated States of Micronesia
21%
209180.9Bahamas
21%
192228San José
21%
188.2218.1Managua
21%
198232.5Panama
21%
198232.5Panama City
21%
216.3247.5Bogotá
21%
216.3247.5Colombia
21%
266294Brazil
21%
266294Brasília
21%
241.6220.6Grenada
19%
241.6220.6Saint George's
19%
209180.9Nassau
19%
717.7235.2Palikir
19%
242.5226.6Trinidad and Tobago
18%
242.5226.6Port-of-Spain
18%
218196Haiti
17%
218196Port-au-Prince
17%
221197Dominican Republic
17%
221197Santo Domingo
17%
760.6232.2Marshall Islands
16%
760.6232.2Majuro
16%
206190.2Cuba
16%
206190.2Havana
16%
742.1295Honiara
14%
206200.2Jamaica
14%
206200.2Kingston
14%
683342Canberra
14%
683342Australia
14%
742.1295Solomon Islands
13%
756.2263.4Nauru
13%
756.2263.4Yaren
13%
804.5282.8Tuvalu
12%
776.7391.9New Zealand
12%
798.1328.7Nukuʻalofa
12%
798.1328.7Tonga
12%
802.8307.7Apia
12%
802.8307.7Samoa
12%
782.9320.1Suva
12%
782.9320.1Fiji
12%
804.5282.8Funafuti
12%
776.7391.9Wellington
12%
236319La Paz
12%
236319Bolivia
12%
204265.5Ecuador
10%
21272Kiribati
10%
21272South Tarawa
10%
180.4215San Salvador
10%
248.9339.7Paraguay
10%
248.9339.7Asunción
10%
208292Peru
10%
208292Lima
10%
234373Buenos Aires
10%
755.5318.6Port Vila
10%
755.5318.6Vanuatu
10%
218384Chile
10%
218384Santiago
10%
234373Argentina
10%
254.9370.2Montevideo
10%
254.9370.2Uruguay
10%
204265.5Quito
10%

Score Distribution

Percentile by Number Answered

Percent of People with Each Score

Your Score History

You have not taken this quiz